LEADER 03100oam 2200613 c 450 001 996354438503316 005 20220221094418.0 010 $a3-8309-8403-0 024 3 $a9783830984030 035 $a(CKB)4330000000531605 035 $a(Waxmann)9783830984030 035 $a(EXLCZ)994330000000531605 100 $a20220221d2016 uy 0 101 0 $ager 135 $aurnnunnnannuu 181 $ctxt$2rdacontent 182 $cc$2rdamedia 183 $acr$2rdacarrier 200 10$aMuseum & Gender$eEin Leitfaden$b[electronic resource]$fSmilla Ebeling 205 $a1st, New ed. 210 $aMu?nster$cWaxmann$d2016 215 $a1 online resource (56 p.) 225 0 $aNeue Heimatmuseen$v2 311 $a3-8309-3403-3 330 $aMuseen stehen im Spannungsfeld der sie umgebenden Gesellschaft. Aktuelle Vera?nderungen und Umbru?che sowie daraus resultierende gesellschaftliche wie kulturpolitische Erwartungen stellen heute an alle Kulturschaffenden die Anforderung, ihre Arbeit inklusiv auszurichten. Dazu geho?rt die Beru?cksichtigung von Genderthemen. Gefragt ist das offene Museum. Dieser Leitfaden bietet konkrete Anregungen zur musealen Auseinandersetzung mit dem Thema Gender im Museum. Er mo?chte dazu ermutigen, die Kategorien Weiblichkeit und Ma?nnlichkeit neu zu beleuchten und den Blick fu?r Heterogenita?ten zu scha?rfen. Die Handreichung informiert u?ber das aktuelle Geschlechterwissen, bezieht es auf Museen, und verdeutlicht, wie die Kategorie Gender auf allen Ebenen der Institution Museum eine Rolle spielt. Bezogen auf Ausstellungen wirft der Leitfaden neue Fragen auf: Welches Geschlechterwissen stellt unser Museum aus? Welches Geschlechterwissen wollen wir ausstellen? Der Leitfaden macht keine Vorgaben, sondern gibt Hilfestellung bei der Analyse von Genderthemen in Museen. Ziel ist es, Museumsakteur_innen fu?r Geschlechterthematiken zu sensibilisieren und ein Bewusstsein dafu?r zu schaffen, dass Museen - gewollt oder ungewollt - immer auch Geschlechterwissen herstellen, um auf dieser Grundlage eine praktische Hilfestellung fu?r die Museumsarbeit zu bieten. 606 $aKulturwissenschaft 606 $aGenderforschung 606 $aGeschlechterwissen 606 $aHeterogenita?t 606 $aMuseen 606 $aHeimatmuseum 606 $aGeschlechtergerechtigkeit 606 $aGeschlechtertheorie 606 $aAusstellung 606 $aSachkulturforschung und Museum 606 $aFrauen- und Geschlechterforschung 615 4$aKulturwissenschaft 615 4$aGenderforschung 615 4$aGeschlechterwissen 615 4$aHeterogenita?t 615 4$aMuseen 615 4$aHeimatmuseum 615 4$aGeschlechtergerechtigkeit 615 4$aGeschlechtertheorie 615 4$aAusstellung 615 4$aSachkulturforschung und Museum 615 4$aFrauen- und Geschlechterforschung 700 $aEbeling$b Smilla$4aut$01204711 801 0$bWaxmann 801 1$bWaxmann 906 $aBOOK 912 $a996354438503316 996 $aMuseum & Gender$92780382 997 $aUNISA LEADER 02069nam 2200421 450 001 9910796394803321 005 20221215210735.0 010 $a1-78040-941-9 024 7 $a10.1787/9789264281554-en 035 $a(CKB)3790000000540186 035 $a(MiAaPQ)EBC5188258 035 $a(NjHacI)993790000000540186 035 $a(EXLCZ)993790000000540186 100 $a20180116h20172017 uy 0 101 0 $aeng 135 $aurcnu|||||||| 181 $2rdacontent 182 $2rdamedia 183 $2rdacarrier 200 00$aGroundwater allocation $emanaging growing pressures on quantity and quality 210 1$aParis:$cOECD,$d2017. 210 4$d©2017 215 $a1 online resource (116 pages) 225 1 $aOECD Studies on Water,$x2224-5073 311 $a1-78040-940-0 320 $aIncludes bibliographical references. 330 $aGroundwater allocation determines who is able to use groundwater resources, how, when and where. It directly affects the value (economic, ecological, socio-cultural) that individuals and society obtain from groundwater, today and in the future. Building on the 2015 OECD publication Water Resources Allocation: Sharing Risks and Opportunities, this report focuses on groundwater and how its allocation can be improved in terms of economic efficiency, environmental effectiveness and social equity. Drawing on an analysis of groundwater©Ø??O???Øs distinctive features and nine case studies of groundwater allocation in a range of countries, the report provides practical policy guidance for groundwater allocation in the form of a "health check". This health check can be used to assess the performance of current arrangements and manage the transition towards improved allocation. 410 0$aOECD studies on water. 606 $aGroundwater$xManagement 615 0$aGroundwater$xManagement. 676 $a333.9104 801 0$bMiAaPQ 801 1$bMiAaPQ 801 2$bMiAaPQ 906 $aBOOK 912 $a9910796394803321 996 $aGroundwater allocation$93741277 997 $aUNINA LEADER 02773aam 2200649 a 450 001 9910131763703321 005 20241204163755.0 010 $a2-8218-2802-0 010 $a2-8218-1940-4 024 7 $a10.4000/books.cemca.319 035 $a(CKB)3460000000122293 035 $a(MH)005062080-0 035 $a(SSID)ssj0001539864 035 $a(PQKBManifestationID)11870226 035 $a(PQKBTitleCode)TC0001539864 035 $a(PQKBWorkID)11533469 035 $a(PQKB)10235451 035 $a(WaSeSS)IndRDA00043899 035 $a(FrMaCLE)OB-cemca-319 035 $a(oapen)https://directory.doabooks.org/handle/20.500.12854/41936 035 $a(PPN)182838277 035 $a(oapen)doab41936 035 $a(EXLCZ)993460000000122293 100 $a19940825d1993 uy 0 101 0 $aspa 135 $aur||||||||||| 181 $ctxt 182 $cc 183 $acr 200 10$aBelice $euna historia olvidada /$fMonica Toussaint Ribot 205 $a1. ed. 210 $cCentro de estudios mexicanos y centroamericanos$d1996 210 1$aMexico :$cCentro de estudios mexicanos y centroamericanos,$d1996. 215 $a1 online resource (200 p. ) 300 $aBibliographic Level Mode of Issuance: Monograph 311 08$a968-6914-00-5 320 $aIncludes bibliographical references (p. 197-200). 330 $aTrabajo que ofrece al lector un panorama general de los procesos políticos y socioeconómicos que destacan en la historia de Belice, desde la fundación del asentamiento de cortadores de árboles a principios del siglo XVII, con sus formas de gobierno y organización, su transformación en colonia británica, la problemática económica, los partidos políticos y la lucha del movimiento independentista; hasta la disputa internacional entre México, Inglaterra, España y Guatemala por la obtención de su soberanía, que lo lleva a lograr su independencia en el año 1981. 606 $aRegions & Countries - Americas$2HILCC 606 $aHistory & Archaeology$2HILCC 606 $aLatin America$2HILCC 607 $aBelize$xHistory 607 $aBelize$xColonial influence 610 5$aBelice 610 5$aMéxico 610 $ahistoria colonial 615 7$aRegions & Countries - Americas 615 7$aHistory & Archaeology 615 7$aLatin America 700 $aToussaint Ribot$b Mo?nica$0916361 801 0$bDLC 801 1$bDLC 906 $aBOOK 912 $a9910131763703321 996 $aBelice$92054319 997 $aUNINA 999 $aThis Record contains information from the Harvard Library Bibliographic Dataset, which is provided by the Harvard Library under its Bibliographic Dataset Use Terms and includes data made available by, among others the Library of Congress